Microeconomics for public decisions (Registro nro. 301911)
[ vista simple ]
| 000 -ENCABEZADO | |
|---|---|
| Número de control [NR] | 00933 a2200253 4500 |
| 005 - FECHA Y HORA DE LA ÚLTIMA TRANSACCIÓN | |
| control field | 20151117112028.0 |
| 008 - DE LONGITUD FIJA DE DATOS DE ELEMENTOS - INFORMACIÓN GENERAL | |
| Elementos de longitud fija [NR] | 151111s2011 xxud fr|||| 001 0 eng d |
| 020 ## - NUMERO INTERNACIONAL NORMALIZADO PARA LIBROS [R] | |
| Número Internacional Normalizado del libro [NR] | 9781935842187 |
| 040 ## - FUENTE DE CATALOGACION [NR] | |
| Agencia de catalogación original [NR] | CO-BoUCM |
| Idioma de catalogación [NR] | spa |
| Quien Cataloga | Sandra Palacio |
| Quien Clasifica | Sandra Palacio |
| 041 0# - CODIGO DE IDIOMA [R] | |
| Código de idioma para texto/pista de sonido o título separado [R] | Inglés |
| 100 1# - ASIENTO PRINCIPAL--NOMBRE PERSONAL [NR] | |
| Nombre personal [NR] | Steinemann, Anne C. |
| ID Autoridad | 73527 |
| 245 10 - MENCION DE TITULO [NR] | |
| Título [NR] | Microeconomics for public decisions |
| Parte restante del título [NR] | for public decisions |
| Mención de responsabilidad, etc. [NR] | Anne C. Steinemann |
| 260 ## - PUBLICACION, DISTRIBUCION, ETC. (PIE DE IMPRENTA) [R] | |
| Fecha de publicación, distribución, etc. [R] | 2011 |
| Nombre del editor, distribuidor, etc. [R] | askmar publishing |
| Lugar de publicación, distribución, etc. [R] | Menlo Park (California, Estados Unidos) |
| 300 ## - DESCRIPCION FISICA [R] | |
| Extensión [R] | xix, 426 páginas |
| Otros detalles físicos [NR] | Tablas, gráficos y diagramas |
| 500 ## - NOTA GENERAL [R] | |
| Nota general [NR] | Incluye índice |
| 650 #7 - ASIENTO SECUNDARIO DE MATERIA - TERMINO TEMATICO [R] | |
| 9 (RLIN) | 19488 |
| Término temático o nombre geográfico como elemento de entrada [NR] | Microeconomía |
| 650 #7 - ASIENTO SECUNDARIO DE MATERIA - TERMINO TEMATICO [R] | |
| 9 (RLIN) | 12607 |
| Término temático o nombre geográfico como elemento de entrada [NR] | Demanda (Teoría económica) |
| 650 #7 - ASIENTO SECUNDARIO DE MATERIA - TERMINO TEMATICO [R] | |
| 9 (RLIN) | 11731 |
| Término temático o nombre geográfico como elemento de entrada [NR] | Consumo (Economía) |
| 650 #7 - ASIENTO SECUNDARIO DE MATERIA - TERMINO TEMATICO [R] | |
| Término temático o nombre geográfico como elemento de entrada [NR] | Análisis de mercadeo |
| 9 (RLIN) | 57841 |
| 650 #7 - ASIENTO SECUNDARIO DE MATERIA - TERMINO TEMATICO [R] | |
| 9 (RLIN) | 13678 |
| Término temático o nombre geográfico como elemento de entrada [NR] | Economía de mercado |
| 690 ## - ASUNTO AGREGADO LOCAL DE ENTRADA - TÉRMINO TEMÁTICO (OCLC, RLIN) | |
| 9 (RLIN) | 42881 |
| Acceso temático local | Microeconomía |
| 942 ## - ELEMENTOS DE ENTRADA AGREGADOS (KOHA) | |
| Sistema de clasificación | DEWEY |
| Tema principal | Economía |
| Tipo de ítem principal el descrito en 300a | Libro de referencia |
| Edición | 1 |
| Clasificación | 338.5 |
| Parte restante de la signatura top. | S822mi |
| Total préstamos | Signatura topográfica | Código de barras | Última vez visto | Volúmen / Fascículo | Ejemplar | Costo de reposición | Price effective from | Tipo de ítem | Perdido | Sistema de clasificación | Dañado | No prestable | Tipo de ítem específico | Suprimido | Ubicación habitual | Ubicación actual | Localización | Fecha de creación | Proveedor | Forma de adquisición | Costo |
|---|---|---|---|---|---|---|---|---|---|---|---|---|---|---|---|---|---|---|---|---|---|
| 338.5 S822mi | 100148201 | 03/12/2025 | 2a.Ed. | Ej.1 | 185307.00 | 30/10/2015 | Libro | DEWEY | Libro | Claustro | Claustro | Mezanine | 30/10/2015 | 15 | Compra | 185307.00 |